000 00939nam a2200349 a 4500
003 AR-BaBNM
005 20251128203932.0
008 082120s2002 ||||||||||||||000 | spa||
020 _a84-7046-101-X
040 _cAR-BaBNM
100 1 _aColombo, Celia
245 0 0 _aHumanismo y renacimiento
260 _aMadrid
_bCincel-Kapelusz
_c1990
300 _a63 p.
490 0 _aCuadernos de estudio. Historia universal
_vv. 18
500 _aContiene: catálogo de libros de consulta
650 4 _aHISTORIA MEDIEVAL
650 4 _aHISTORIA MODERNA
650 4 _aHISTORIA DE LA FILOSOFIA
650 4 _aHISTORIA DEL ARTE
650 4 _aHISTORIA LITERARIA
650 4 _aHUMANISMO
650 4 _aHISTORIA ECONOMICA
650 4 _aCAPITALISMO
650 4 _aRENACIMIENTO
650 4 _aHISTORIA EUROPEA
651 4 _aItalia
653 _aILUMINISMO
800 1 _aTraversoni, Alfredo
_edirector
942 _cBK
998 _cHector
999 _c5535
_d5535